Lịch sử văn minh Ấn Độ /
সংরক্ষণ করুন:
| বিন্যাস: | Sách giấy |
|---|---|
| ভাষা: | Vietnamese |
| প্রকাশিত: |
H. :
Văn hóa ,
1996
|
| বিষয়গুলি: | |
| ট্যাগগুলো: |
ট্যাগ যুক্ত করুন
কোনো ট্যাগ নেই, প্রথমজন হিসাবে ট্যাগ করুন!
|
| Thư viện lưu trữ: | Thư viện Trường Đại học Đà Lạt |
|---|
| LEADER | 00587nam a2200241 4500 | ||
|---|---|---|---|
| 001 | DLU020010772 | ||
| 005 | ##19991203 | ||
| 041 | # | # | |a vie |
| 082 | # | # | |a 954 |b DU-W |
| 245 | # | # | |a Lịch sử văn minh Ấn Độ / |c Nguyễn Hiến Lê, Will Durant. |
| 260 | # | # | |a H. : |b Văn hóa , |c 1996 |
| 300 | # | # | |a 453 tr.; |c 19 cm. |
| 651 | # | # | |a Ấn Độ |x Lịch sử. |
| 651 | # | # | |a Ấn Độ |x Văn minh. |
| 992 | # | # | |a 30000 |
| 994 | # | # | |a DLU |
| 900 | # | # | |a False |
| 911 | # | # | |a Administrator |
| 925 | # | # | |a G |
| 926 | # | # | |a A |
| 927 | # | # | |a SH |
| 980 | # | # | |a Thư viện Trường Đại học Đà Lạt |